| 000 | 00671cam a2200217 4500 | ||
|---|---|---|---|
| 001 | D15022 | ||
| 008 | 090401t1978 xxu||||| |||| 00| 0 eng d | ||
| 035 | _a(Sirsi) u19645 | ||
| 041 | _aeng | ||
| 050 | _a622.8 | ||
| 100 | _aBurton, Donald | ||
| 245 | _aAdvanced systems used in mining subsidence predictions | ||
| 260 |
_bRICS _c1978 |
||
| 300 | _a12p. 31cm. diagrs | ||
| 350 | _a0 | ||
| 520 | _aFiled in Box 1978/61A ; Paper given at a General Meeting of the Yorkshire Branch Minerals Division, Nov. 1978. | ||
| 710 |
_aRoyal Institution of Chartered Surveyors _94900 |
||
| 710 |
_aMinerals DivisionYorkshire Branch _9756 |
||
| 942 | _n0 | ||
| 948 | _c04/03/1997 | ||
| 999 |
_c87694 _d87694 |
||